000 00976 a2200193 4500
003 Nust
005 20170207153556.0
020 _a44005395
040 _cNust
082 _a624.171
100 _aHills, William Donagan.
245 _aMechanics and applied mathematics:
_bdynamics, statics, hydrostatics
_cW. D. Hills
260 _aLondon
_bUniversity of London press, ltd.
_c1959.
300 _b272p
_c diagrs
_e19 cm
490 _aPart-1
505 _aOn Force (Page-1), On Mass (Page-4), On Motion (Page-8), On Combined Motion (Page-42), On Motion Reduced By The Action (Page-58), On Action (Page-77), On Elastic Impact (Page-96), On Power (Page-100), On Turning Effect Of A Force (Page-115), On Center Of Gravity (Page-133), On Reactions (Page-162), On Machines (Page-177), On Circular Motion (Page-197), On Density Of Substance (Page-207), On Displacement Of Fluids (Page-225), On Pressure Of Gases (Page-238).
538 _aAlmirah No.42 Shelf No. 2
650 _aMechanics.
942 _2ddc
_cBK
999 _c189107
_d189107